Classement de l'Eurovision 2024 - Statistiques

Statistiques générales
  • Ce quiz a été pris 154 fois
  • Le résultat moyen est 23 sur 25
Statistiques - réponses
Place et nombre de points Artiste et chanson Pays % Correct
4ème avec 445 points. Slimane - Mon amour France
100%
1er avec 591 points. Nemo - The Code Suisse
100%
2nd avec 547 points. Baby Lasagna - Rim Tim Tagi Dim Croatie
98%
7ème avec 268 points. Angelina Mango – La noia Italie
98%
9ème avec 174 points. Marcus & Martinus - Unforgettable Suède
98%
3ème avec 453 points. alyona alyona & Jerry Heil - Teresa & Maria Ukraine
98%
22ème avec 30 points. Nebulossa - Zorra Espagne
96%
19ème avec 38 points. Windows95Man – No Rules! Finlande
96%
5ème avec 375 points. Eden Golan - Hurricane Israël
95%
6ème avec 278 points. Bambie Thug - Doomsday Blue Irlande
94%
25ème avec 16 points. Gåte – Ulveham Norvège
94%
11ème avec 126 points. Marína Sátti – Zári Grèce
93%
18éme avec 46 points. Olly Alexander – Dizzy Royaume-Uni
93%
12ème avec 117 points. Isaak - Always on the Run Allemagne
92%
10ème avec 152 points. iolanda – Grito Portugal
90%
20ème avec 37 points. 5miinust & Puuluup – (nendest) narkootikumidest ei tea me (küll) midagi Estonie
89%
13ème avec 103 points. Tali - Fighter Luxembourg
89%
16ème avec 64 points. Dons – Hollow Lettonie
86%
24ème avec 24 points. Kaleen - We Will Rave Autriche
85%
17ème avec 54 points. Teya Dora – Ramonda Serbie
84%
14ème avec 90 points. Silvester Belt – Luktelk Lituanie
83%
15ème avec 78 points. Silia Kapsis – Liar Chypre
82%
23ème avec 27 points. Raiven – Veronika Slovénie
82%
8ème avec 183 points. Ladaniva – Jako Arménie
78%
21ème avec 34 points. Nutsa Buzaladze – Firefighter Géorgie
77%
Aucun quiz correspondant
Distribution des résultats
% des personnes avec chaque résultat
Percentile par nombre de réponses
Votre historique - résultats
Vous n’avez pas pris ce quiz